000 00497nam a22001932 4500
001 0000001464
005 20170406113445.0
008 140113s xx 000 0 eng d
020 _c$
040 _aYour Holding Symbol
_cYour Holding Symbol
100 1 _aSchafer.H,Edward.
245 1 0 _aAncient china.
250 _a ed.
260 _anew york :
_bTime books,
_c1967.
300 _a190 p. :
_bill ;
_c cm.
504 _aindex.
650 0 _aancient china.
908 _a140113
999 _c1377
_d1377